[Event "Casma U2100 2nd"]
[Site "Casma"]
[Date "2017.02.04"]
[Round "4.2"]
[White "Flores Quillas, Diego Saul Rodrigo"]
[Black "Montoya, Keny"]
[Result "0-1"]
[WhiteElo "1931"]
[BlackElo "2057"]
[PlyCount "48"]
[EventDate "2017.02.03"]
[EventType "swiss"]
[EventRounds "7"]
[EventCountry "PER"]
[SourceTitle "EXT 2024"]
[Source "ChessBase"]
[SourceDate "2023.10.10"]
[SourceVersion "1"]
[SourceVersionDate "2023.10.10"]
[SourceQuality "1"]

1. e4 c5 2. Nf3 d6 3. c3 Nf6 4. h3 e6 5. Bd3 Be7 6. 0-0 0-0 7. Bc2 Nc6 8. Re1 b6 9. a3 Bb7 10. d4 d5 11. e5 Ne4 12. Nbd2 cxd4 13. cxd4 Nxd2 14. Bxd2 Na5 15. Bd3 Nc4 16. Bc3 Rc8 17. Rc1 b5 18. Nd2 a5 19. b4 Nxa3 20. Qb3 Rxc3 21. Qxc3 Bxb4 22. Qb2 Nc4 23. Bxc4 dxc4 24. Qc2 Qd5 0-1

[Event "Casma U2100 2nd"]
[Site "Casma"]
[Date "2017.02.03"]
[Round "1.8"]
[White "Aguilar Oblitas, Yadhira"]
[Black "Montoya, Keny"]
[Result "0-1"]
[WhiteElo "1525"]
[BlackElo "2057"]
[PlyCount "48"]
[EventDate "2017.02.03"]
[EventType "swiss"]
[EventRounds "7"]
[EventCountry "PER"]
[SourceTitle "EXT 2024"]
[Source "ChessBase"]
[SourceDate "2023.10.10"]
[SourceVersion "1"]
[SourceVersionDate "2023.10.10"]
[SourceQuality "1"]

1. e4 c5 2. Nf3 d6 3. d4 cxd4 4. Nxd4 Nf6 5. Nc3 e5 6. Ndb5 a6 7. Na3 h6 8. f3 b5 9. Nd5 Nbd7 10. c4 Nxd5 11. Qxd5 Nb6 12. Qc6+ Bd7 13. Qb7 b4 14. Nc2 a5 15. Be3 Na4 16. Rb1 Be7 17. Be2 0-0 18. 0-0 Rb8 19. Qd5 Qc7 20. Rfd1 Rfc8 21. c5 Nxc5 22. Bxc5 Be6 23. Bxd6 Qb6+ 24. Bc5 Bxc5+ 0-1